Players who have scored 25+ goals in a premier league season - Statistics

General Stats
  • This quiz has been taken 744 times
  • The average score is 10 of 13
Answer Stats
Hint Answer % Correct
Arsenal/Manchester United 2011-12/2012-13 Robin Van Persie
97%
Arsenal 2003-04/2004-05/2005-06 Thierry Henry
97%
Manchester United 2009-10/2011-12 Wayne Rooney
97%
Chelsea 2009-10 Didier Drogba
96%
Blackburn/Newcastle United 1993-94/1994-95/1995-96/1996-97 Alan Shearer
95%
Manchester United 2007-08 Cristiano Ronaldo
91%
Manchester United 2002-03 Ruud Van Nistelrooy
80%
Newcastle United 1993-94 Andy Cole
70%
Liverpool 1994-95/1995-96 Robbie Fowler
69%
Southampton 1993-94 Matt Le Tissier
60%
Sunderland 1999-00 Kevin Phillips
57%
Norwich 1993-94 Chris Sutton
44%
Newcastle United 1995-96 Les Ferdinand
40%
No matching quizzes found
Score Distribution
Percent of People with Each Score
Percentile by Number Answered
Your Score History
You have not taken this quiz